000 00956nam a22002657a 4500
005 20200104041624.0
008 130726s2012 ck a gr 00010 spa d
020 _a9789588491646
041 0 _aspa
044 _ack
082 0 4 _a370
_bC75m3
245 1 0 _aMódulo Educación Ambiental para la participación en la gestión integral del riesgo
260 _aBogotá
_bMinisterio de Ambiente y Desarrollo Sostenible
_c2012
300 _a72 p. :
_bil. ;
_c28 cm.
500 _aDiplomado Gestión Ambiental del Riesgo - 2012
500 _aGlosario : p. 66-72.
504 _aIncluye bibliografía.
650 4 _aEvaluación de riesgos ambientales
_913601
650 4 _aDesastres naturales
_xAdministración.
_913630
650 4 _aEducación ambiental.
_9162
650 4 _aDesastres naturales
_xPrevención
_xMonitoreo
_913632
700 1 0 _aJiménez-Patiño, Luz Adriana
_913633
700 1 0 _aMartinez-Ch,César Augusto
_913634
942 _2ddc
_cImpreso
_02
999 _c8205
_d8205